[Event "It (cat.8)"]
[Site "masterchessopen.com Poznan (Poland)"]
[Round "1"]
[White "Neverov Valeriy (UKR)"]
[Black "Muse Mladen (CRO)"]
[Result "1-0"]
[WhiteElo "2465"]
[BlackElo "2443"]

1.d4 Nf6 2.c4 e6 3.Nc3 Bb4 4.Bg5 h6 5.Bh4 c5 6.d5 d6 7.e3 Bxc3+ 8.bxc3 e5
9.Bd3 Qe7 10.Ne2 Nbd7 11.Ng3 Nb6 12.Bxf6 Qxf6 13.O-O h5 14.f4 h4 15.Ne4 Qe7
16.fxe5 Qxe5 17.Rf4 f5 18.Qf3 g6 19.Rf1 Qe7 20.g4 Nd7 21.gxf5 Ne5 22.fxg6
Nxf3+ 23.R1xf3 Bg4 24.Nf6+ Qxf6 25.Rxf6 Bxf3 26.Rxf3 Rh5 27.Kg2 O-O-O 28.Kh3
Rg8 29.Kg4 Re5 30.Bf5+ Kd8 31.Kg5 a6 32.e4 b5 33.Rh3 Kc7 34.a3 Kb6 35.Rxh4 Ka5
36.cxb5 axb5 37.Rh7 Ka4 38.Ra7+ Kb3 39.h4 Kxc3 40.h5 b4 41.axb4 {#r} 1-0

[Event "Bundesliga 1987/88 (2nd)"]
[Site "masterchessopen.com Germany"]
[Round "0"]
[White "Schlueter Wolfgang (GER)"]
[Black "Biehler Thomas (GER)"]
[Result "1-0"]
[WhiteElo "2256"]
[BlackElo "2254"]

1.d4 Nf6 2.c4 e6 3.Nc3 Bb4 4.Bg5 h6 5.Bh4 c5 6.d5 d6 7.e3 e5 8.Bd3 e4 9.Bc2
Bxc3+ 10.bxc3 Bf5 11.Ne2 Nbd7 12.Qb1 Qa5 13.Qxb7 O-O 14.O-O Rab8 15.Qc6 Rb2
16.Bd1 Rxa2 17.Rxa2 Qxa2 18.Qa4 Qb2 19.Bxf6 Nxf6 20.Ng3 Bg6 21.Qxa7 Qxc3
22.Be2 h5 23.h4 Qe5 24.Qa1 Qe7 25.Rb1 Nh7 26.Bxh5 Qxh4 27.Bxg6 fxg6 28.Rb7 Nf6
29.Qa7 Qh7 30.Rb8 g5 31.Qc7 Re8 32.Qxd6 Qg6 33.Rxe8+ Qxe8 34.Qxc5 Qa4 35.Qd4
Qb4 36.d6 Qe1+ 37.Nf1 Qa5 38.c5 Qb5 39.Qe5 Kf7 40.Qe7+ Kg6 41.Qc7 Nd5 42.Qc8
Nf6 43.c6 Qe2 44.d7 Ng4 45.Qe8+ Kh6 46.Qf7 Qd1 47.Qe6+ Nf6 48.Qe7 Nd5 49.Qd6+
{#r} 1-0

[Event "Zt"]
[Site "masterchessopen.com Warsaw (Poland)"]
[Round "0"]
[White "Pekarek Ales (CZE)"]
[Black "Pinter Jozsef (HUN)"]
[Result "0-1"]
[WhiteElo "2406"]
[BlackElo "2575"]

1.d4 Nf6 2.c4 e6 3.Nc3 Bb4 4.Bg5 h6 5.Bh4 c5 6.d5 d6 7.e3 Bxc3+ 8.bxc3 e5 9.f3
g5 10.Bg3 Qe7 11.Qc2 h5 12.h4 g4 13.Bd3 Rg8 14.Ne2 Nbd7 15.a4 Nf8 16.Kd2 Kd8
17.Raf1 gxf3 18.gxf3 Kc7 19.Rfg1 Bd7 20.Bf2 Ng6 21.Ng3 e4 22.Nxe4 Nxe4+
23.Bxe4 Ne5 24.Ke2 Nxc4 25.Bd3 Ne5 26.Bg3 Rae8 27.Qd2 Qf6 28.Bxe5 Qxe5 29.Kf2
Rxg1 30.Rxg1 Qh2+ 31.Rg2 Qxh4+ 32.Kg1 Qf6 33.f4 Bg4 34.c4 Qe7 35.Rg3 f5 36.a5
h4 37.Rg2 Qxe3+ {#R} 0-1

[Event "Ch World (juniors) (under 20) (g)"]
[Site "masterchessopen.com Adelaide (Australia)"]
[Round "0"]
[White "Wilkie Blanche"]
[Black "Dabrowska Krystyna (POL)"]
[Result "0-1"]
[WhiteElo "2005"]
[BlackElo "2208"]

1.d4 Nf6 2.c4 e6 3.Nc3 Bb4 4.Bg5 h6 5.Bh4 c5 6.d5 d6 7.e3 Bxc3+ 8.bxc3 e5 9.f3
Nbd7 10.Bd3 Qe7 11.Qc2 g5 12.Bg3 Rg8 13.Ne2 h5 14.h3 h4 15.Bh2 Nf8 16.Kd2 Nh5
17.g4 hxg3 18.Nxg3 Nxg3 19.Bxg3 Rh8 20.Bf5 Kd8 21.Rab1 Bxf5 22.Qxf5 Kc7 23.Rb5
Nd7 24.Rhb1 b6 25.a4 Qf6 26.Qxf6 Nxf6 27.Rh1 g4 28.Ke2 gxh3 29.e4 Rag8 30.Bf2
Nh5 31.Rh2 Nf4+ 32.Ke3 Rg2 33.Rh1 Rhg8 34.Rbb1 h2 35.Rb2 Nh3 36.Re2 Nf4 37.Rb2
R8g7 38.Rd2 Rh7 39.Rdd1 Rhg7 40.Rd2 Nh3 41.Re2 Nf4 42.Rb2 Rh7 43.Rd2 Rh3
44.Rb2 Nh5 45.Re2 Rg6 {#R} 0-1

[Event "It (open)"]
[Site "masterchessopen.com Bargteheide (Germany)"]
[Round "2"]
[White "Koenig Wolfgang (GER)"]
[Black "Gempe Thomas (GER)"]
[Result "1-0"]
[WhiteElo "2280"]
[BlackElo "2252"]

1.d4 Nf6 2.c4 e6 3.Nc3 Bb4 4.Bg5 c5 5.d5 h6 6.Bh4 d6 7.Rc1 e5 8.e3 Bf5 9.Bd3
Bxd3 10.Qxd3 Nbd7 11.Ne2 Nf8 12.O-O Ng6 13.Bxf6 Qxf6 14.Ne4 Qe7 15.a3 Ba5
16.b4 cxb4 17.c5 dxc5 18.Qb5+ Qd7 19.Qxa5 b6 20.Qa6 bxa3 21.Qxa3 Qxd5 22.Qa4+
Kf8 23.Rfd1 Qe6 24.Rd6 Qe8 25.Qa2 Kg8 26.Rxg6 {#r} 1-0

[Event "It (open)"]
[Site "masterchessopen.com Boston (USA)"]
[Round "0"]
[White "Fang Joseph (USA)"]
[Black "Reichstein Boris (USA)"]
[Result "1-0"]
[WhiteElo "2309"]
[BlackElo "2129"]

1.d4 Nf6 2.c4 e6 3.Nc3 Bb4 4.Bg5 c5 5.d5 h6 6.Bh4 d6 7.e3 e5 8.Bd3 Bxc3+
9.bxc3 Nbd7 10.Ne2 Nf8 11.Qb1 b6 12.a4 a5 13.O-O g5 14.Bg3 Nh5 15.f4 Nxg3
16.Nxg3 f6 17.fxe5 dxe5 18.Bg6+ Kd7 19.Ne4 Kc7 20.Rxf6 Nd7 21.Rc6+ Kb8 22.Bf5
Ka7 23.Nd6 {#r} 1-0

[Event "It (open)"]
[Site "masterchessopen.com Lugano (Switzerland)"]
[Round "0"]
[White "Dahl B (NOR)"]
[Black "Mednis Edmar J (USA)"]
[Result "0-1"]
[WhiteElo "2310"]
[BlackElo "2435"]

1.d4 Nf6 2.c4 e6 3.Nc3 Bb4 4.Bg5 h6 5.Bh4 c5 6.d5 d6 7.e3 Bxc3+ 8.bxc3 e5 9.f4
Qe7 10.Be2 g5 11.fxg5 Ne4 12.Bg4 Nd7 13.Bxd7+ Bxd7 14.Qh5 Nxg5 15.Nf3 O-O-O
16.Nxg5 hxg5 17.Qxg5 f6 18.Qg3 Rh6 19.Qf2 Qh7 20.g3 Qe4 21.Rg1 Qxc4 22.O-O-O
Qxc3+ 23.Kb1 Rg8 24.Rc1 Qd3+ 25.Ka1 Bg4 26.Qe1 Qxd5 27.Qa5 Kb8 28.Rc3 b6
29.Rb1 Rh7 30.Bxf6 Bf5 31.Rbb3 Rxh2 32.Rxb6+ axb6 33.Qxb6+ Kc8 {#R} 0-1

[Event "Ch Netherlands (corr.)"]
[Site "masterchessopen.com corr."]
[Round "0"]
[White "Frederick Robert (FRA)"]
[Black "Etmans Maarten D (NED)"]
[Result "1-0"]
[WhiteElo "2210"]
[BlackElo "2131"]

1.d4 Nf6 2.c4 e6 3.Nc3 Bb4 4.Bg5 c5 5.d5 h6 6.Bh4 d6 7.e3 g5 8.Bg3 Ne4 9.Qc2
Qf6 10.Ne2 e5 11.f3 Nxc3 12.bxc3 e4 13.fxe4 Nd7 14.e5 Nxe5 15.cxb4 Nd3+
16.Qxd3 Qxa1+ 17.Qd1 Qf6 18.bxc5 dxc5 19.e4 O-O 20.e5 Qa6 21.Nc3 Bf5 22.Bd3
Qa3 23.O-O {#r} 1-0

[Event "It (open)"]
[Site "masterchessopen.com Meudon (France)"]
[Round "7"]
[White "Fayard Alain (FRA)"]
[Black "Hartereau Philippe (FRA)"]
[Result "1-0"]
[WhiteElo "2234"]
[BlackElo "2161"]

1.d4 Nf6 2.c4 e6 3.Nc3 Bb4 4.Bg5 c5 5.d5 h6 6.Bh4 d6 7.e3 Bxc3+ 8.bxc3 e5
9.Bd3 Nbd7 10.Ne2 g5 11.Bg3 h5 12.f3 Qe7 13.Qc2 Nf8 14.Rb1 h4 15.Bf2 g4 16.Bf5
Bxf5 17.Qxf5 Rh5 18.Qc2 O-O-O 19.fxg4 Nxg4 20.O-O f5 21.h3 Nf6 22.Kh1 Ne4
23.Bg1 Qg5 24.Rf3 Ng6 25.Bh2 Rg8 26.Ng1 Ne7 27.Rb2 Rh7 28.Qa4 a6 29.Qb3 Ng6
30.Qb6 Rc7 31.Rf1 Ne7 32.Nf3 Qxe3 33.Nxe5 Ng3+ 34.Bxg3 Qxg3 35.Nf7 Rg6 36.Re2
Rf6 37.Rxe7 Rxf7 38.Qxc7# 1-0

[Event "Ch New Zealand"]
[Site "masterchessopen.com New Zealand"]
[Round "0"]
[White "Ker Anthony F (NZL)"]
[Black "Dive Russell John (NZL)"]
[Result "1-0"]
[WhiteElo "2344"]
[BlackElo "2339"]

1.d4 Nf6 2.c4 e6 3.Nc3 Bb4 4.Bg5 h6 5.Bh4 c5 6.d5 d6 7.e3 Bxc3+ 8.bxc3 e5 9.f3
Qe7 10.Bd3 g5 11.Bg3 Nh5 12.Bf2 Nf6 13.Qc2 Nbd7 14.Ne2 Rg8 15.Ng3 Nf8 16.Bf5
Bd7 17.Rb1 Rb8 18.Bxd7+ Qxd7 19.Qf5 N6h7 20.h4 g4 21.h5 gxf3 22.gxf3 Rg5
23.Qxd7+ Kxd7 24.e4 Nf6 25.Ke2 Ng8 26.Rbg1 Nh7 27.Be3 f6 28.f4 exf4 29.Bxf4
Rg4 30.Nf5 Rxg1 31.Rxg1 Ng5 32.Nxd6 b6 33.Kd3 Rf8 34.Nf5 Re8 35.Nd6 Rf8 36.Nf5
Re8 37.Ng7 Re7 38.Ne6 Ke8 39.Bxg5 hxg5 40.Rf1 Rh7 41.d6 Rh6 42.Rf5 Rh7 43.e5
Rh6 44.Ke4 g4 45.Kd5 g3 46.Rf3 Rxh5 47.Ng7+ {#r} 1-0

[Event "It (open)"]
[Site "masterchessopen.com Sas Van Gent (Netherlands)"]
[Round "3"]
[White "Barkhagen Jonas (SWE)"]
[Black "Walsh Chris (WLS)"]
[Result "1-0"]
[WhiteElo "2445"]
[BlackElo "2158"]

1.d4 Nf6 2.c4 e6 3.Nc3 Bb4 4.Bg5 h6 5.Bh4 c5 6.d5 d6 7.e3 Qe7 8.Bd3 exd5
9.cxd5 Qe5 10.Ne2 Nxd5 11.O-O Bxc3 12.bxc3 Nc6 13.Bg3 Qh5 14.Be4 Be6 15.Bf3
Bg4 16.Bxg4 Qxg4 17.Qxd5 Qxe2 18.Bxd6 Qg4 19.Rab1 Qd7 20.Qe4+ Qe6 21.Qxe6+
fxe6 22.Rxb7 Rd8 23.Bxc5 Rd7 24.Rfb1 {#r} 1-0

[Event "Tournament"]
[Site "masterchessopen.com USA"]
[Round "0"]
[White "Davis Lee (WLS)"]
[Black "Koepcke Richard (USA)"]
[Result "0-1"]
[WhiteElo "2001"]
[BlackElo "2261"]

1.d4 Nf6 2.c4 e6 3.Nc3 Bb4 4.Bg5 h6 5.Bh4 c5 6.d5 d6 7.f3 Bxc3+ 8.bxc3 e5 9.e4
Nbd7 10.Bd3 Nf8 11.Ne2 g5 12.Bf2 Ng6 13.Ng3 Qe7 14.Bc2 Nf4 15.O-O h5 16.Nf5
Bxf5 17.exf5 O-O-O 18.Be3 Rdg8 19.Rb1 g4 20.Bxf4 exf4 21.Re1 Qd8 22.Kh1 Nd7
23.Be4 Ne5 24.Qd2 Qg5 25.Qb2 b6 26.Qb5 Kd8 27.Rb2 Ke7 28.Qa6 Kf6 29.Qxa7 Nxc4
30.Rxb6 Nxb6 31.Qxb6 Rd8 32.c4 Kg7 33.Qb2+ Qf6 34.Qc1 Qg5 35.g3 gxf3 36.Rg1
Kh6 37.gxf4 Qf6 38.Rg5 f2 39.Qd1 f1=Q+ 40.Qxf1 Rhg8 41.h4 Qc3 42.Bf3 f6
43.Rxh5+ Kg7 44.Bg2 Rde8 45.Kh2 Re3 46.Qb1 Qb4 47.Qc2 Qe1 {#R} 0-1

[Event "It \"]
[Site "masterchessopen.com Barcelona (Spain)"]
[Round "0"]
[White "Comas Fabrego Lluis (ESP)"]
[Black "Dizdar Goran (CRO)"]
[Result "0-1"]
[WhiteElo "2508"]
[BlackElo "2530"]

1.d4 Nf6 2.c4 e6 3.Nc3 Bb4 4.Bg5 h6 5.Bh4 c5 6.d5 d6 7.e3 Qe7 8.Bd3 Bxc3+
9.bxc3 Nbd7 10.Nf3 e5 11.Nd2 g5 12.Bg3 Kd8 13.Bf5 Kc7 14.O-O h5 15.h3 h4
16.Bh2 Nh5 17.Rb1 Ng7 18.Bxd7 Bxd7 19.f4 f6 20.fxe5 fxe5 21.Ne4 b6 22.a4 Bf5
23.Qc2 a5 24.Rb2 Rab8 25.Qb1 Rhf8 26.Rbf2 Bg6 27.Qb5 Rxf2 28.Rxf2 Bxe4 29.Qc6+
Kd8 30.Bxe5 Ne8 31.Bh2 Qd7 32.Rf8 Qxc6 33.dxc6 Bxc6 34.Rg8 Rb7 35.Bxd6 Rg7
36.Rf8 Kd7 {#R} 0-1

[Event "Ch Mittelfranken"]
[Site "masterchessopen.com Bayern (Germany)"]
[Round "0"]
[White "Feist Rainer"]
[Black "Sand Peter"]
[Result "1-0"]
[WhiteElo "1920"]
[BlackElo "1750"]

1.d4 Nf6 2.c4 e6 3.Nc3 Bb4 4.Bg5 h6 5.Bh4 c5 6.d5 d6 7.e3 exd5 8.cxd5 Bf5 9.f3
O-O 10.g4 Bg6 11.Bg2 Qe7 12.e4 Re8 13.Ne2 Nbd7 14.O-O Qf8 15.Bg3 a6 16.Bf2 Ba5
17.Ng3 b5 18.Re1 Rac8 19.f4 c4 20.a3 Nc5 21.Bxc5 Rxc5 22.e5 dxe5 23.fxe5 Nd7
24.e6 fxe6 25.dxe6 Ne5 26.Rf1 Qe7 27.Nf5 Qa7 28.Kh1 Bxc3 29.bxc3 Nd3 30.Nd4
Qb6 31.Qf3 Rc7 32.Qd5 Kh8 33.Rf3 Nc5 34.Raf1 Nxe6 35.Nxe6 Rxe6 36.Rf8+ Kh7
37.Qd8 Be4 38.Rh8+ Kg6 39.Bxe4+ Rxe4 40.Qg8 Qc6 41.Qh7+ {#r} 1-0

[Event "?"]
[Site "masterchessopen.com corr."]
[Round "0"]
[White "Peltola Leo (FIN)"]
[Black "Norri Joose (FIN)"]
[Result "0-1"]
[WhiteElo "2045"]
[BlackElo "2291"]

1.d4 Nf6 2.c4 e6 3.Nc3 Bb4 4.Bg5 h6 5.Bh4 c5 6.d5 d6 7.e3 Bxc3+ 8.bxc3 e5 9.f3
Qe7 10.Qc2 g5 11.Bg3 Nbd7 12.Bd3 Rg8 13.Ne2 h5 14.Bf5 Kd8 15.e4 Kc7 16.a4 Nf8
17.a5 Ng6 18.Bxg6 Rxg6 19.h4 g4 20.Rb1 gxf3 21.gxf3 Bd7 22.Qb2 Rb8 23.Kd2 Ng8
24.Rbg1 Nh6 25.Bf2 Rbg8 26.Rb1 Bc8 27.Qb5 Qd7 28.Be3 f5 29.f4 Nf7 30.Rhf1 fxe4
31.f5 Rg4 32.Rh1 Rg2 33.Rbf1 R8g3 34.Qxd7+ Bxd7 35.Rhg1 Rxg1 36.Nxg1 Rg2+
37.Ne2 Ba4 38.Rg1 Rxg1 39.Bxg1 Bb3 40.Ng3 Bxc4 41.Nxh5 Bxd5 42.Ng7 b6 43.axb6+
axb6 44.h5 Bc4 45.f6 d5 46.Nf5 Kd7 {#R} 0-1

[Event "Ch Ukraine (team)"]
[Site "masterchessopen.com Simferopol (Ukraine)"]
[Round "0"]
[White "Bangiev Alexander (GER)"]
[Black "Yaniuk Valentin (UKR)"]
[Result "1-0"]
[WhiteElo "2432"]
[BlackElo "2335"]

1.d4 Nf6 2.c4 e6 3.Nc3 Bb4 4.Bg5 h6 5.Bh4 c5 6.d5 d6 7.e3 Bxc3+ 8.bxc3 e5
9.Bd3 Qe7 10.Ne2 g5 11.Bg3 e4 12.Bc2 Kf8 13.h4 Kg7 14.hxg5 hxg5 15.Rxh8 Kxh8
16.Kd2 Kg7 17.Qh1 Bg4 18.Qh2 Nbd7 19.Bxd6 {#r} 1-0

[Event "Ch World (seniors)"]
[Site "masterchessopen.com Bad Woerishofen (Germany)"]
[Round "11"]
[White "Mertins Klaus (GER)"]
[Black "Fels Karl-Heinz (GER)"]
[Result "1-0"]
[WhiteElo "2210"]
[BlackElo "1911"]

1.d4 Nf6 2.c4 e6 3.Nc3 Bb4 4.Bg5 h6 5.Bh4 c5 6.d5 d6 7.e3 e5 8.Ne2 g5 9.Bg3
Ne4 10.a3 Nxg3 11.Nxg3 Bxc3+ 12.bxc3 Qa5 13.Qc2 a6 14.Bd3 b5 15.O-O Qc7 16.f4
bxc4 17.Bxc4 Qe7 18.Rae1 Ra7 19.Bb3 O-O 20.fxg5 hxg5 21.Rf2 f6 22.Ref1 Qd8
23.Qe2 Rh7 24.Bc2 Rh6 25.Bf5 Bxf5 26.Nxf5 Rh7 27.Ng3 Rff7 28.Ne4 Nd7 29.Qxa6
Rh6 30.Nxg5 Rg7 31.Ne6 Qe7 32.Qc8+ Kf7 33.Nxg7 Kxg7 34.Rb1 Rh8 35.Qc7 Kg6
36.Rb7 Rh7 37.Qc8 e4 38.Qg8+ Rg7 39.Qe6 Rf7 40.Rxd7 {#r} 1-0

[Event "Ch Sweden (master's group)"]
[Site "masterchessopen.com Borlange (Sweden)"]
[Round "15"]
[White "Adler Bo (SWE)"]
[Black "Eriksson Anders (SWE)"]
[Result "0-1"]
[WhiteElo "2171"]
[BlackElo "2295"]

1.d4 Nf6 2.c4 e6 3.Nc3 Bb4 4.Bg5 c5 5.d5 h6 6.Bh4 d6 7.e3 Bxc3+ 8.bxc3 e5 9.f3
Nbd7 10.Bd3 Nf8 11.Qc2 Qe7 12.Ne2 Kd8 13.a4 a5 14.Rb1 Kc7 15.O-O g5 16.Bf2 Nh5
17.Rb2 b6 18.g4 Ng7 19.Ng3 Nd7 20.Bf5 Ba6 21.Bd3 Rab8 22.h3 h5 23.Kg2 Rh6
24.Qb3 Nf8 25.Nf5 Nxf5 26.Bxf5 Ng6 27.Be4 Qe8 28.Bxg6 Rxg6 29.e4 Rh6 30.Be3 f6
31.Bf2 Rh7 32.Rh1 Bc8 33.Qb5 Bd7 34.Qa6 Rb7 35.Rhb1 Qb8 36.Bxc5 dxc5 37.d6+
Kd8 38.Rxb6 Rxb6 39.Rxb6 Qc8 40.Qxa5 Ke8 41.Qa7 Kf7 42.a5 hxg4 {#R} 0-1

[Event "Memorial Angel Rodrigues (open)"]
[Site "masterchessopen.com Candas (Spain)"]
[Round "0"]
[White "Danailov Silvio (BUL)"]
[Black "Garcia Carbo Marcial (ESP)"]
[Result "0-1"]
[WhiteElo "2445"]
[BlackElo "2285"]

1.d4 Nf6 2.c4 e6 3.Nc3 Bb4 4.Bg5 h6 5.Bh4 c5 6.d5 d6 7.e3 Qe7 8.Bd3 Nbd7 9.Nf3
e5 10.Nd2 Nf8 11.Rc1 Ng6 12.Bg3 Nf4 13.Bf1 Bd7 14.f3 O-O-O 15.a3 Ba5 16.Bf2 e4
17.Qc2 Bxc3 18.Qxc3 Rhe8 19.Rg1 exf3 20.gxf3 g5 21.Kd1 Nh3 22.Bxh3 Bxh3 23.b4
g4 24.Bh4 Nxd5 25.Bxe7 Nxc3+ 26.Rxc3 Rxe7 27.fxg4 Rg8 28.Rg3 Bxg4+ 29.Ke1 Rg6
30.Kf2 Bd7 31.e4 Bc6 32.Rce3 Rge6 33.Rh3 cxb4 34.axb4 Bxe4 35.Nxe4 Rxe4
36.Rxe4 Rxe4 37.Rxh6 Kd7 38.c5 dxc5 39.bxc5 Re5 40.c6+ bxc6 41.Rh8 Re8 {#R}
0-1

[Event "It (open)"]
[Site "masterchessopen.com Cattolica (Italy)"]
[Round "0"]
[White "Tolk Peter (NED)"]
[Black "Gipslis Aivars (LAT)"]
[Result "0-1"]
[WhiteElo "2132"]
[BlackElo "2465"]

1.d4 Nf6 2.c4 e6 3.Nc3 Bb4 4.Bg5 h6 5.Bh4 c5 6.d5 d6 7.e3 O-O 8.Ne2 exd5
9.cxd5 Nbd7 10.Qc2 Ne5 11.O-O-O Ng6 12.Bg3 Nh5 13.Ng1 a6 14.Nf3 b5 15.Kb1 f5
16.Ne2 Qf6 17.Bf4 Bd7 18.g3 Rac8 19.Nc1 Ne5 20.Bxe5 dxe5 21.Be2 e4 22.Ng1 Qf7
23.Bxh5 Qxh5 24.Nge2 Qf7 25.h4 c4 26.Nf4 c3 27.b3 Bd6 28.Nce2 a5 29.Rd4 Be5
30.h5 Rfe8 31.Rhd1 Bxd4 32.Rxd4 Qf6 33.a3 Qd6 34.Ka2 b4 35.a4 Rc5 36.Rd1 Rb8
37.Nd4 Rcc8 38.Rb1 Rc5 39.Rd1 Rcc8 40.Rb1 Qe5 41.Ra1 Rb6 42.Kb1 Be8 43.Ra2 Bf7
44.Qd1 Rd8 45.g4 fxg4 46.Qxg4 Bxd5 47.Kc2 Rf6 48.Ra1 Rxf4 49.Qxf4 Qxf4 50.exf4
Bf7 {#R} 0-1

[Event "Ch Hungary (team) 1992/93"]
[Site "masterchessopen.com Hungary"]
[Round "0"]
[White "Borsi Imre (HUN)"]
[Black "Petran Pal (HUN)"]
[Result "0-1"]
[WhiteElo "2151"]
[BlackElo "2485"]

1.d4 Nf6 2.c4 e6 3.Nc3 Bb4 4.Bg5 h6 5.Bh4 c5 6.d5 d6 7.e3 Bxc3+ 8.bxc3 Qe7
9.Nf3 e5 10.Qc2 Nbd7 11.Nd2 e4 12.Be2 g5 13.Bg3 Nf8 14.h4 Ng6 15.h5 Nf8
16.O-O-O Bf5 17.f4 exf3 18.Qxf5 fxe2 19.Rde1 N8d7 20.Rxe2 O-O 21.e4 Ne8 22.Kc2
Ng7 23.Qg4 Rae8 24.Rhe1 f6 25.Nf1 Rf7 26.Re3 Qf8 27.Rf3 f5 {#R} 0-1

[Event "Cup Final (w)"]
[Site "masterchessopen.com Melitopol (Ukraine)"]
[Round "3"]
[White "Baklanova Tatiana (UKR)"]
[Black "Saunina Ludmila (RUS)"]
[Result "0-1"]
[WhiteElo "2250"]
[BlackElo "2274"]

1.d4 Nf6 2.c4 e6 3.Nc3 Bb4 4.Bg5 h6 5.Bh4 c5 6.d5 d6 7.e3 Bxc3+ 8.bxc3 e5
9.Bd3 e4 10.Bc2 Nbd7 11.f4 exf3 12.gxf3 Qe7 13.Qe2 Ne5 14.Ba4+ Kd8 15.h3 Kc7
16.Rh2 g5 17.Bf2 h5 18.O-O-O Ng6 19.Rg2 Qe5 20.Kb2 h4 21.Qd2 Nd7 22.Re1 Nb6
23.Bb3 Bd7 24.Kc1 Qf6 25.e4 Nf4 26.e5 dxe5 27.Bxc5 Nxg2 28.Qxg2 Nxc4 29.Bxc4
Qf4+ 30.Qd2 Qxc4 31.Be7 Qf4 32.Qxf4 exf4 33.Bxg5 Rae8 34.Be7 Be6 35.d6+ Kd7
36.Kd2 Rhg8 37.Ne2 Rg2 38.Kd3 Bxh3 39.Kd4 Rg6 40.Kc5 b6+ 41.Kb4 Re6 42.Kc4 Re3
43.Kd4 Rc8 44.Bxh4 Rce8 45.Be7 Be6 46.Bg5 Bxa2 47.Be7 Rc8 48.Nc1 Rc4+ 49.Kd5
Rc5+ {#R} 0-1

[Event "Cup Final (w)"]
[Site "masterchessopen.com Melitopol (Ukraine)"]
[Round "1"]
[White "Baklanova Tatiana (UKR)"]
[Black "Tsiganova Monika (EST)"]
[Result "1-0"]
[WhiteElo "2250"]
[BlackElo "2173"]

1.d4 Nf6 2.c4 e6 3.Nc3 Bb4 4.Bg5 c5 5.d5 h6 6.Bh4 d6 7.e3 exd5 8.cxd5 Qe7
9.Bd3 Nbd7 10.Nf3 g5 11.Bg3 Nxd5 12.Rc1 N7b6 13.O-O Bxc3 14.bxc3 Bd7 15.c4 Ba4
16.Qd2 Nf6 17.e4 O-O-O 18.Qa5 Nfd7 19.Qxa7 Kc7 20.Qa5 Ra8 21.Qc3 f6 22.Rb1 Bc6
23.Rbd1 Ne5 24.Bxe5 fxe5 25.Rd2 Ra6 26.Ne1 Rha8 27.Bb1 Ra4 28.Nc2 Rxc4 29.Qh3
Rxe4 30.Ne3 Rh4 31.Qg3 Rb4 32.Nf5 Qf8 33.Qc3 Nd5 34.Qc1 Nf4 35.f3 b6 36.Rfd1
Ne6 37.Be4 Nd4 38.Nxd4 exd4 39.Rxd4 Rxd4 40.Rxd4 Rxa2 41.Qc4 Ra4 42.Qe6 Bb5
43.Rd1 c4 44.Kh1 Ra7 45.Qd5 Qe8 46.Qxd6+ Kc8 47.Qxb6 Qd7 48.Bf5 Qxf5 49.Rd8#
1-0

[Event "It (open) \"]
[Site "masterchessopen.com Pardubice (Czech Republic)"]
[Round "0"]
[White "Tregubov Pavel V (RUS)"]
[Black "Cimra Jozef (SVK)"]
[Result "1-0"]
[WhiteElo "2602"]
[BlackElo "2165"]

1.d4 Nf6 2.c4 e6 3.Nc3 Bb4 4.Bg5 h6 5.Bh4 c5 6.d5 d6 7.e3 O-O 8.Ne2 exd5
9.cxd5 b5 10.Qc2 Re8 11.O-O-O Bxc3 12.Nxc3 b4 13.Ne4 g5 14.Nxf6+ Qxf6 15.Bg3
Bf5 16.Bd3 Bxd3 17.Qxd3 Nd7 18.h4 Ne5 19.Qe4 Qg6 20.Qxg6+ fxg6 21.hxg5 hxg5
22.Rh6 Kg7 23.Rdh1 Nf7 24.Rh7+ Kf6 25.Kd2 c4 26.f4 gxf4 27.exf4 Re4 28.Rf1 Rf8
29.Bf2 g5 30.Be3 Kg6 31.Rhh1 Nh6 32.fxg5 Rxf1 33.Rxf1 Ng4 34.Bxa7 Re5 35.Rf4
Rxd5+ 36.Kc2 Ne5 37.Rd4 Rxd4 38.Bxd4 Kxg5 39.b3 cxb3+ 40.Kxb3 Nd3 41.Kc4 Ne1
42.Kxb4 Nxg2 43.a4 Kf5 44.Kb5 Nf4 45.a5 Nd5 46.Bb6 {#r} 1-0

[Event "It (open)"]
[Site "masterchessopen.com Sitges (Spain)"]
[Round "3"]
[White "Gual Pascual Antonio (ESP)"]
[Black "Gallego Jimenez Victoriano (ESP)"]
[Result "1-0"]
[WhiteElo "2436"]
[BlackElo "2390"]

1.d4 Nf6 2.c4 e6 3.Nc3 Bb4 4.Bg5 h6 5.Bh4 c5 6.d5 d6 7.e3 Bxc3+ 8.bxc3 e5
9.Qc2 Nbd7 10.Nf3 Qe7 11.Nd2 g5 12.Bg3 e4 13.h4 Rg8 14.hxg5 hxg5 15.Rh6 Kf8
16.Be2 Kg7 17.Rh2 Nb6 18.f4 Bf5 19.fxg5 Nh7 20.O-O-O Nxg5 21.Bh4 Rh8 22.Rdh1
Bg6 23.Qd1 Qe5 24.Nb1 Nh7 25.Qe1 Nf6 26.g4 Nfd7 27.Qf2 Rae8 28.Bg3 Qe7 29.Bf4
f6 30.Rxh8 Rxh8 31.Rxh8 Kxh8 32.Qh2+ Qh7 33.Qxh7+ Kxh7 34.Bxd6 Kg7 35.Nd2 Kf7
{#r} 1-0

[Event "Cup Glorney & Faber"]
[Site "masterchessopen.com Dublin (Ireland)"]
[Round "0"]
[White "Parker Jonathan (ENG)"]
[Black "Quinn Mark (IRL)"]
[Result "1-0"]
[WhiteElo "2531"]
[BlackElo "2275"]

1.d4 Nf6 2.c4 e6 3.Nc3 Bb4 4.Bg5 h6 5.Bh4 c5 6.d5 d6 7.e3 Bxc3+ 8.bxc3 e5
9.Bd3 Qa5 10.Ne2 Nbd7 11.f4 e4 12.Bc2 Ng4 13.Bxe4 Nb6 14.h3 f5 15.Bf3 Nxe3
16.Qd3 Nexc4 17.Bh5+ Kd7 18.O-O Kc7 19.Bg6 Qa4 20.Ng3 Bd7 21.Nxf5 Raf8 22.Rae1
Nc8 23.Nxg7 Kb8 24.Ne6 Ne5 25.Rxe5 dxe5 26.Nxc5 Qb5 27.Nxd7+ Qxd7 28.fxe5
Rxf1+ 29.Kxf1 Rg8 30.d6 Nb6 31.Be4 Qe6 32.Bf6 Qxa2 33.Kg1 Qb2 34.Qf3 Qb3
35.Bxb7 Nd7 36.Bd5 Qb1+ 37.Kh2 Rf8 38.e6 Nxf6 39.e7 Re8 40.Qxf6 Qb6 {#r} 1-0

[Event "It (open)"]
[Site "masterchessopen.com Alcobendas (Spain)"]
[Round "6"]
[White "Estremera Panos Sergio (ESP)"]
[Black "Gonzalez Perez Lutgarda (ESP)"]
[Result "1-0"]
[WhiteElo "2379"]
[BlackElo "2099"]

1.d4 Nf6 2.c4 e6 3.Nc3 Bb4 4.Bg5 c5 5.d5 h6 6.Bh4 d6 7.e3 Bxc3+ 8.bxc3 e5
9.Bd3 Qe7 10.Ne2 Nbd7 11.Ng3 g6 12.O-O Nb6 13.f4 exf4 14.exf4 O-O 15.Re1 Qd8
16.Ne4 Nbd7 17.Qf3 Kg7 18.Nxd6 Qc7 19.Ne4 Qa5 20.Nxf6 Nxf6 21.Qe3 Qxc3 22.Rac1
Qd4 23.Qxd4 cxd4 24.Bf2 Bf5 25.Bxf5 gxf5 26.Bxd4 Kg6 27.Bxf6 Kxf6 28.Kf2 Rfd8
29.Ke3 Rd6 30.Kd4 Rad8 31.Rb1 b6 32.a4 h5 33.Rb3 Rg8 34.Rg3 Rxg3 35.hxg3 Rd8
36.a5 Rg8 37.d6 Rxg3 38.d7 {#r} 1-0

[Event "It (open)"]
[Site "masterchessopen.com Bratislava (Slovakia)"]
[Round "4"]
[White "Kubala Martin (CZE)"]
[Black "Baimuratov Samat (KAZ)"]
[Result "0-1"]
[WhiteElo "2382"]
[BlackElo "2388"]

1.d4 Nf6 2.c4 e6 3.Nc3 Bb4 4.Bg5 h6 5.Bh4 c5 6.d5 d6 7.e3 Bxc3+ 8.bxc3 e5
9.Bd3 Nbd7 10.Qc2 Qe7 11.Rb1 e4 12.Bf1 Ne5 13.f4 Nd3+ 14.Bxd3 exd3 15.Qxd3 Qe4
16.Qxe4+ Nxe4 17.Ne2 O-O 18.Ng3 Re8 19.Nxe4 Rxe4 20.Kd2 b6 21.Kd3 Bf5 22.g4
Bh7 23.Kd2 Rxc4 24.Rbf1 Be4 25.Rhg1 Ra4 26.Ra1 Bxd5 27.Be7 Bc6 28.f5 f6 29.Ke2
d5 30.Kd2 Re8 31.Bd6 d4 32.exd4 cxd4 33.a3 Rc4 34.Rac1 dxc3+ 35.Kc2 Rd8 36.Bb4
Rd2+ 37.Kb3 Bd5 38.Rxc3 Rc5+ 39.Ka4 Rxc3 40.Bxc3 Rxh2 41.Rd1 Bc6+ 42.Kb3 Rg2
43.Rd8+ Kh7 44.Rd6 Be4 45.Rd7 Bc2+ {#R} 0-1

[Event "Ch Poland (corr.)"]
[Site "masterchessopen.com corr."]
[Round "0"]
[White "Szczesniak Konrad (POL)"]
[Black "Wojtczak Maciej (POL)"]
[Result "1-0"]
[WhiteElo "2193"]
[BlackElo "2219"]

1.d4 Nf6 2.c4 e6 3.Nc3 Bb4 4.Bg5 h6 5.Bh4 c5 6.d5 d6 7.e3 Bxc3+ 8.bxc3 e5
9.Qc2 Qe7 10.Nf3 Nbd7 11.Nd2 e4 12.Be2 g5 13.Bg3 Nf8 14.h4 Rg8 15.hxg5 hxg5
16.Nb1 Bg4 17.Na3 Bxe2 18.Kxe2 O-O-O 19.Rab1 Ne8 20.Qa4 a6 21.Rb6 Rd7 22.Rhb1
Rc7 23.Rxa6 bxa6 24.Qxa6+ Kd7 25.Rb8 {#r} 1-0